000 00433nam a2200193Ia 4500
008 210210b1899 xxu||||| |||| 00| 0 eng d
041 _aeng
082 _a954/567
100 _aPOOLE (Stanley lane)
245 _aRulers of India: Babar
260 _aoxford
_bOxford
_c1899
300 _a206
650 _aRulers
650 _aIndia:
650 _aBabar
690 _aIndian History
700 _aLane-poole
906 _a000769
999 _c77283
_d77283